000 01259nam a22003137a 4500
001 BR9203898
003 BR-BrBNA
005 20230928093641.0
007 ta
008 230509b bl.||||| |||| 00| 0 por d
040 _aBR-BrBNA
_bpor
_cBiblioteca Nacional de Agricultura
041 _a(Por)
072 _aF61
_b1030
090 _ 1030 BR9203898
100 1 _aGrassi Filho, H.
110 1 _aEscola Superior de Agricultura Luiz de Queiroz, Piracicaba, SP (Brasil)
_0Tese (Mestre em Agronomia)
245 1 _aNiveis de calcio e boro e suas interacoes, afetando o desenvolvimento do sistema radicular, a composicao mineral e o vigor do limoeiro cravo (Citrus limonia (L.)Osbeck), em condicoes controladas
246 1 _aCalcium and boron levels and its interaction affecting the development of root system, the mineral composition and the vigor of rangpur lime tree (Citrus limonia (L.)Osbeck), under controlled conditions
260 3 _aPiracicaba, SP (Brasil):
_c1991.
300 _a105 p.
500 _a53 tables; Bibliography p. 78-92 (84 ref.); Summaries (Eng, Por)
650 _aLIMAO CRAVO
650 _aCALCIO
650 _aBORO
650 _aRAIZ
650 _aNUTRICAO VEGETAL
909 _a202309
_bLucia
_c55
_dLucia Elande
942 _cBK
999 _c46258
_d46258